[Event "ICS rated blitz match"]
[Site "204.178.125.65"]
[Date "2000.08.04"]
[Round "?"]
[White "Hossa"]
[Black "MissSilicon"]
[Result "0-1"]
[WhiteElo "2458"]
[BlackElo "2703"]
[PlyCount "162"]
[EventDate "2000.??.??"]

1. e4 e5 2. Nf3 Nf6 3. d4 exd4 4. e5 Ne4 5. Qxd4 d5 6. exd6 Nxd6 7. Bd3 Nc6 8.
Qf4 Be7 9. Nc3 Be6 10. O-O Qd7 11. Rd1 Rd8 12. Bb5 O-O 13. Ne5 Qe8 14. Bxc6
bxc6 15. Qf3 Nc4 16. Nxc4 Rxd1+ 17. Nxd1 Bxc4 18. Ne3 Bd6 19. Qg4 Be6 20. Qa4
Bd5 21. c4 Qe4 22. Qxa7 Bxc4 23. Qa4 Re8 24. f3 Qd3 25. Qxc4 Rxe3 26. Qxd3 Rxd3
27. Kf2 Rd1 28. g3 Bc5+ 29. Ke2 Rh1 30. h4 Rh2+ 31. Kd3 Rf2 32. f4 Rg2 33. Bd2
Rxg3+ 34. Kc2 Rh3 35. Re1 f6 36. Re8+ Kf7 37. Rd8 Bd6 38. f5 Rh2 39. Kd3 Rh3+
40. Kc2 Rxh4 41. Rd7+ Kf8 42. Rd8+ Ke7 43. Rg8 Kf7 44. Rd8 g6 45. Rd7+ Ke8 46.
Rg7 gxf5 47. a4 Rxa4 48. Rxh7 f4 49. Be1 Re4 50. Bd2 f3 51. Rh1 Bc5 52. Bc3 Rg4
53. Rh8+ Ke7 54. Rh7+ Ke6 55. Rh6 f2 56. Rxf6+ Ke7 57. Rf3 Rg1 58. Bb4 Bxb4 59.
Rxf2 Rg4 60. Rf3 Ke6 61. Re3+ Kd5 62. Kb3 Bd6 63. Rd3+ Kc5 64. Rd2 Rb4+ 65. Kc2
Be5 66. b3 Rh4 67. Rd8 Rh2+ 68. Kd1 Kb4 69. Rb8+ Kc3 70. Re8 Bd4 71. Ke1 Kd3
72. Kf1 Rf2+ 73. Kg1 Re2+ 74. Kf1 Rxe8 75. Kg2 Ke4 76. Kg3 Rg8+ 77. Kh4 Bf6+
78. Kh3 Kf3 79. Kh2 Rh8+ 80. Kg1 Bd4+ 81. Kf1 Rh1# 0-1

[Event "ICS rated standard match"]
[Site "204.178.125.65"]
[Date "2000.08.04"]
[Round "?"]
[White "Hossa"]
[Black "greekgift"]
[Result "1/2-1/2"]
[WhiteElo "2342"]
[BlackElo "1927"]
[PlyCount "113"]
[EventDate "2000.??.??"]

1. e4 c5 2. Nf3 d6 3. d4 cxd4 4. Nxd4 Nf6 5. Nc3 g6 6. Be3 Bg7 7. Be2 Nc6 8.
Qd2 O-O 9. O-O-O Be6 10. Nxe6 fxe6 11. f3 Qa5 12. Bc4 Kf7 13. Ne2 Qxd2+ 14.
Rxd2 Na5 15. Bd3 Rfc8 16. Nf4 Nc4 17. Bxc4 Rxc4 18. c3 b5 19. Kd1 a5 20. Nh3 b4
21. cxb4 axb4 22. b3 Rc6 23. Ng5+ Kg8 24. Nxe6 Rca6 25. Ke2 Rxa2 26. Rc1 Rxd2+
27. Bxd2 Nd7 28. Rc7 Nc5 29. Nxc5 dxc5 30. Kd3 Bd4 31. Rxe7 Ra3 32. Kc4 Ra2 33.
Bxb4 Bf6 34. Re6 Kf7 35. Rxf6+ Kxf6 36. Bxc5 Rxg2 37. Bd6 Rf2 38. b4 Rxf3 39.
e5+ Ke6 40. b5 Kd7 41. Kd5 Rd3+ 42. Kc4 Rd2 43. h4 h6 44. Kc5 g5 45. b6 Rb2 46.
hxg5 hxg5 47. Bc7 g4 48. Kd5 Rb5+ 49. Kc4 Kc6 50. e6 Rg5 51. Kd3 g3 52. e7 Rg8
53. e8=R Rxe8 54. Bxg3 Kxb6 55. Bf2+ Kc6 56. Bd4 Kd5 57. Bf2 1/2-1/2

[Event "ICS rated blitz match"]
[Site "204.178.125.65"]
[Date "2000.08.04"]
[Round "?"]
[White "PostModernist"]
[Black "Hossa"]
[Result "1/2-1/2"]
[WhiteElo "2605"]
[BlackElo "2452"]
[PlyCount "243"]
[EventDate "2000.??.??"]

1. Nf3 Nf6 2. g3 d5 3. c4 dxc4 4. Qa4+ Nc6 5. Qxc4 Be6 6. Qc5 Bd5 7. Nc3 e6 8.
Qb5 a6 9. Qa4 Bxf3 10. exf3 Be7 11. d3 O-O 12. Be3 e5 13. Qd1 Nd5 14. Qd2 Qd7
15. Be2 Bb4 16. a3 Ba5 17. Bc5 Rfd8 18. b4 b6 19. bxa5 bxc5 20. Na4 Nd4 21.
Nxc5 Qh3 22. Rb1 Qg2 23. Rf1 Qxh2 24. Qb2 Qg2 25. Qd2 Nxf3+ 26. Bxf3 Qxf3 27.
Rb7 Rab8 28. Qe2 Qxe2+ 29. Kxe2 Nc3+ 30. Ke3 Rxb7 31. Nxb7 Rb8 32. Nc5 Rb5 33.
Nxa6 Rxa5 34. Nxc7 Ra7 35. Ne8 Rxa3 36. Nd6 Kf8 37. Nc4 Nd5+ 38. Ke4 Nf6+ 39.
Ke3 Ng4+ 40. Ke4 Rb3 41. Nxe5 Nxe5 42. Kxe5 Rxd3 43. Rh1 h6 44. Ke4 Rd2 45. f4
Rc2 46. g4 Rc4+ 47. Kf3 Rc3+ 48. Kg2 f5 49. gxf5 Ke7 50. Re1+ Kf6 51. Re5 h5
52. Kf2 h4 53. Kg2 h3+ 54. Kh2 Rb3 55. Rc5 Re3 56. Rb5 Rd3 57. Ra5 Rf3 58. Rb5
Kf7 59. Rb7+ Kg8 60. Rb8+ Kh7 61. Rb5 Kh6 62. Rb4 Re3 63. Rb6+ Kh5 64. Rg6 Kh4
65. Rxg7 Re2+ 66. Kh1 Re4 67. f6 Rxf4 68. f7 Rf1+ 69. Kh2 Kh5 70. Kxh3 Kh6 71.
Rg8 Rxf7 72. Kh4 Kh7 73. Rc8 Kg7 74. Kg5 Kh7 75. Rc3 Kh8 76. Kg6 Rf8 77. Re3
Kg8 78. Re1 Kh8 79. Re5 Kg8 80. Re3 Kh8 81. Re1 Kg8 82. Rh1 Rf4 83. Rh2 Kf8 84.
Re2 Kg8 85. Re8+ Rf8 86. Re5 Kh8 87. Rd5 Kg8 88. Rd1 Kh8 89. Rd3 Kg8 90. Rb3
Kh8 91. Rb5 Kg8 92. Rc5 Kh8 93. Rc6 Kg8 94. Rc1 Kh8 95. Rc3 Kg8 96. Rc4 Kh8 97.
Rh4+ Kg8 98. Rd4 Kh8 99. Rd7 Kg8 100. Ra7 Kh8 101. Ra1 Kg8 102. Ra3 Kh8 103.
Rb3 Kg8 104. Rb5 Kh8 105. Rb6 Kg8 106. Rb7 Kh8 107. Rb4 Kg8 108. Rb2 Kh8 109.
Rc2 Kg8 110. Ra2 Kh8 111. Ra7 Kg8 112. Rg7+ Kh8 113. Rb7 Kg8 114. Rb1 Kh8 115.
Rh1+ Kg8 116. Ra1 Kh8 117. Rb1 Kg8 118. Rg1 Kh8 119. Rd1 Kg8 120. Rd3 Kh8 121.
Rd2 Kg8 122. Rd7 1/2-1/2

[Event "ICS Rated blitz match"]
[Site "204.178.125.65"]
[Date "2000.08.04"]
[Round "?"]
[White "Hossa"]
[Black "PostModernist"]
[Result "1/2-1/2"]
[WhiteElo "2459"]
[BlackElo "2598"]
[PlyCount "137"]
[EventDate "2000.??.??"]

1. e4 c5 2. Nf3 g6 3. d4 Bg7 4. dxc5 Nf6 5. e5 Ng4 6. Qd4 h5 7. Bb5 Nc6 8. Bxc6
dxc6 9. Qxd8+ Kxd8 10. Bf4 f6 11. exf6 exf6 12. O-O g5 13. Rd1+ Bd7 14. Bd6 Nh6
15. c4 Nf5 16. Nc3 g4 17. Nd2 a5 18. Na4 Ra6 19. Ne4 Re8 20. Nac3 Ra8 21. Bf4
h4 22. Rd2 h3 23. Rad1 Re7 24. Nd6 Nxd6 25. cxd6 Re8 26. c5 hxg2 27. Kxg2 Rh8
28. Na4 Be6 29. Re1 Bd5+ 30. Kg3 Ra6 31. Nb6 Rxb6 32. cxb6 f5 33. h4 gxh3 34.
Bg5+ Kd7 35. Re7+ Kxd6 36. f4 Bh6 37. Rf7 Kc5 38. Rxf5 Bg7 39. Rh2 Kxb6 40. Bf6
Bxf6 41. Rxf6 Bg2 42. f5 Rd8 43. Rh6 Kc5 44. b3 a4 45. bxa4 Rd3+ 46. Kf4 Ra3
47. Kg5 Rg3+ 48. Kf6 Rg4 49. R2xh3 Bxh3 50. Rxh3 Rxa4 51. Rb3 Kd5 52. Rxb7 Rxa2
53. Rd7+ Kc4 54. Kf7 c5 55. f6 Kb5 56. Ke8 Re2+ 57. Kf8 c4 58. Rb7+ Kc6 59. Rb8
Kd7 60. f7 c3 61. Rb7+ Kd6 62. Rb1 c2 63. Rg1 Rg2 64. Ke8 Re2+ 65. Kd8 Rf2 66.
Ke8 Re2+ 67. Kd8 Rf2 68. Ke8 Re2+ 69. Kd8 1/2-1/2

[Event "ICS rated blitz match"]
[Site "204.178.125.65"]
[Date "2000.08.04"]
[Round "?"]
[White "PostModernist"]
[Black "Hossa"]
[Result "1-0"]
[WhiteElo "2592"]
[BlackElo "2465"]
[PlyCount "119"]
[EventDate "2000.??.??"]

1. d4 e6 2. g3 Nf6 3. Nf3 c5 4. Bg2 Nc6 5. O-O d5 6. c4 dxc4 7. Ne5 Nxe5 8.
dxe5 Qxd1 9. Rxd1 Nd7 10. f4 Be7 11. Na3 Nb6 12. Be3 c3 13. bxc3 O-O 14. Rab1
f6 15. exf6 Rxf6 16. Rb5 Rf5 17. c4 Bf8 18. Be4 Rf7 19. Bxc5 Bd7 20. Ra5 Ba4
21. Rb1 Bxc5+ 22. Rxc5 Rd8 23. Ra5 Bc6 24. Bxc6 bxc6 25. c5 Nd5 26. Rb3 Nf6 27.
Nc4 Ne4 28. Rba3 Rb7 29. Kg2 Rdd7 30. Kf3 Nf6 31. Ra6 Kf8 32. Rxc6 Rbc7 33. Ne5
Rxc6 34. Nxc6 Rc7 35. Nd4 Re7 36. Nb5 Rb7 37. Ra5 g5 38. fxg5 Nd5 39. c6 Rf7+
40. Kg2 Ne7 41. Nd4 Nc8 42. Re5 Re7 43. Rxe6 Rg7 44. Rh6 Kf7 45. h4 Kg8 46. Ne6
Re7 47. h5 a6 48. c7 a5 49. Rf6 Re8 50. g6 a4 51. g7 Rxe6 52. Rxe6 Kxg7 53. Re8
Nd6 54. Rd8 Ne4 55. c8=Q Ng5 56. Rd7+ Nf7 57. Qc3+ Kf8 58. Qf6 Kg8 59. Qxf7+
Kh8 60. Qxh7# {Hossa checkmated} 1-0

[Event "ICS rated blitz match"]
[Site "204.178.125.65"]
[Date "2000.08.04"]
[Round "?"]
[White "Hossa"]
[Black "PostModernist"]
[Result "0-1"]
[WhiteElo "2455"]
[BlackElo "2602"]
[PlyCount "130"]
[EventDate "2000.??.??"]

1. e4 e6 2. d4 d5 3. Nc3 Bb4 4. e5 Ne7 5. a3 Bxc3+ 6. bxc3 b6 7. Nf3 Ba6 8.
Bxa6 Nxa6 9. Bg5 c5 10. O-O O-O 11. Be3 Nf5 12. Qd2 c4 13. Bg5 Qd7 14. a4 Nc7
15. Qf4 h6 16. Bh4 a5 17. Bg3 b5 18. axb5 Nxb5 19. Qd2 a4 20. Bf4 a3 21. Rfb1
Rfb8 22. h4 a2 23. Rb4 Qd8 24. h5 Rb6 25. Nh2 Ra3 26. Qe1 Qh4 27. g4 Ra5 28.
Qd2 Ne7 29. Bg3 Qh3 30. Rb2 Rba6 31. Kh1 Ra7 32. Qe3 Nc6 33. Kg1 Nd8 34. Qd2
R7a6 35. Qe1 Nc6 36. Kh1 Kf8 37. Qe3 Ra7 38. Kg1 Ra8 39. Qe1 Kg8 40. Kh1 R8a6
41. Qe3 Kh7 42. Qf3 Ra7 43. Qe3 Ra8 44. Qe1 g6 45. hxg6+ fxg6 46. Qe3 R8a7 47.
Kg1 Nd8 48. Qd2 Nf7 49. Raxa2 Rxa2 50. Rxa2 Rxa2 51. Qc1 Nxc3 52. Kh1 Ng5 53.
Qf1 Rxc2 54. Qxh3 Nxh3 55. f3 Ne2 56. Nf1 Nxg3+ 57. Nxg3 c3 58. Nf1 Re2 59. Ne3
Rxe3 60. Kg2 Nf4+ 61. Kf2 Re2+ 62. Kg3 c2 63. Kxf4 c1=Q+ 64. Kg3 Qg1+ 65. Kh3
Qh2# 0-1

[Event "ICS rated blitz match"]
[Site "204.178.125.65"]
[Date "2000.08.04"]
[Round "?"]
[White "Hossa"]
[Black "Amateur"]
[Result "1-0"]
[WhiteElo "2445"]
[BlackElo "2593"]
[PlyCount "141"]
[EventDate "2000.??.??"]

1. e4 e5 2. Nf3 Nf6 3. Nxe5 d6 4. Nf3 Nxe4 5. d3 Nf6 6. d4 Be7 7. Bd3 Nc6 8. c3
Bg4 9. O-O O-O 10. Na3 Qd7 11. Re1 d5 12. Nc2 Rae8 13. h3 Bh5 14. Ne3 a6 15.
Bf5 Qd6 16. Bd2 Qd8 17. Ng4 Nxg4 18. hxg4 Bg6 19. Qc2 Qd6 20. g5 Kh8 21. Re2 b5
22. Rae1 Qd8 23. Bf4 Rg8 24. Nh4 Ref8 25. Qd2 Bh5 26. g4 g6 27. Rxe7 Nxe7 28.
Be5+ f6 29. gxf6 Nxf5 30. Nxf5 gxf5 31. f7+ Rg7 32. Qh6 Rfxf7 33. Qxh5 Qd7 34.
Bxg7+ Kxg7 35. Re5 fxg4 36. Qg5+ Kh8 37. Rxd5 Rg7 38. Rxd7 Rxg5 39. Rxc7 Rg6
40. a4 bxa4 41. Rb7 g3 42. c4 Rg4 43. Rd7 Rg8 44. f3 Rb8 45. c5 Rxb2 46. c6 a3
47. c7 Rc2 48. Rd8+ Kg7 49. c8=Q Rxc8 50. Rxc8 a2 51. Rc7+ Kg8 52. Rc1 h5 53.
Ra1 h4 54. Kg2 Kf7 55. Rxa2 a5 56. Rxa5 Kg6 57. Re5 Kf6 58. Re4 Kg6 59. d5 Kg5
60. d6 h3+ 61. Kxh3 g2 62. f4+ Kf5 63. Kxg2 Kxe4 64. d7 Kxf4 65. d8=Q Ke4 66.
Qd7 Ke3 67. Qd5 Kf4 68. Qe6 Kg5 69. Kg3 Kh5 70. Kf4 Kh4 71. Qh6# {
Amateur checkmated} 1-0

[Event "ICS rated blitz match"]
[Site "204.178.125.65"]
[Date "2000.08.04"]
[Round "?"]
[White "Amateur"]
[Black "Hossa"]
[Result "1/2-1/2"]
[WhiteElo "2571"]
[BlackElo "2467"]
[PlyCount "218"]
[EventDate "2000.??.??"]

1. e4 e5 2. Nf3 Nf6 3. Nc3 Nc6 4. Bb5 Bb4 5. O-O O-O 6. d3 Bxc3 7. bxc3 d6 8.
Bg5 h6 9. Bh4 a6 10. Bxc6 bxc6 11. Rb1 Be6 12. a3 Qe7 13. Rb7 Bc8 14. Bxf6 gxf6
15. Nh4 d5 16. Rb3 dxe4 17. dxe4 Qd6 18. Qc1 Kh7 19. Rd1 Qc5 20. Rd3 Rg8 21.
Nf5 Bxf5 22. exf5 Rad8 23. Rb7 Rxd3 24. cxd3 Qd6 25. Qd1 Qxa3 26. Rxc7 Qxc3 27.
Rxf7+ Rg7 28. Rxf6 Rd7 29. Re6 Rxd3 30. Qb1 Rd7 31. f6+ Qd3 32. Qxd3+ Rxd3 33.
h4 Rd1+ 34. Kh2 Rd2 35. Kg3 Rc2 36. Rxe5 Kg6 37. Rf5 Kf7 38. Rh5 Rc3+ 39. Kf4
Rc4+ 40. Kf3 Kg6 41. f7 Kxf7 42. Rxh6 a5 43. g4 a4 44. h5 a3 45. Rh7+ Kf6 46.
Ra7 Kg5 47. Rg7+ Kh6 48. Rg6+ Kh7 49. Re6 Ra4 50. Re1 a2 51. Ra1 Kh6 52. Kg3
Kg5 53. f3 Ra3 54. Kf2 Kf4 55. Kg2 Kg5 56. Kg3 Ra4 57. Kf2 Ra3 58. Kg1 Rxf3 59.
Rxa2 Kxg4 60. h6 Rf7 61. Rg2+ Kf5 62. Rc2 Kg6 63. Rxc6+ Kh7 64. Kg2 Kh8 65. Kg3
Rf5 66. Kg4 Rf2 67. Rc7 Rg2+ 68. Kf5 Rf2+ 69. Kg6 Rg2+ 70. Kf6 Rg1 71. Kf5 Rf1+
72. Kg6 Rg1+ 73. Kh5 Rh1+ 74. Kg6 Rg1+ 75. Kf6 Rg2 76. Rd7 Rf2+ 77. Kg5 Rg2+
78. Kh5 Rh2+ 79. Kg6 Rg2+ 80. Kf5 Rh2 81. Kg5 Rg2+ 82. Kf4 Rg1 83. Kf5 Rf1+ 84.
Kg5 Rf8 85. Kg6 Rg8+ 86. Rg7 Rf8 87. Rh7+ Kg8 88. Rg7+ Kh8 89. Re7 Rg8+ 90. Kf5
Rf8+ 91. Kg5 Rd8 92. Rc7 Rg8+ 93. Kf5 Rf8+ 94. Kg6 Re8 95. Rh7+ Kg8 96. Rg7+
Kh8 97. Rd7 Re6+ 98. Kg5 Re5+ 99. Kf6 Re4 100. Kf5 Rh4 101. Kg6 Rg4+ 102. Kf6
Rf4+ 103. Kg6 Rg4+ 104. Kf5 Rh4 105. Kg5 Rh3 106. Re7 Rg3+ 107. Kh4 Rg2 108.
Rd7 Rh2+ 109. Kg5 Rg2+ 1/2-1/2

[Event "ICS rated blitz match"]
[Site "204.178.125.65"]
[Date "2000.08.04"]
[Round "?"]
[White "Hossa"]
[Black "Amateur"]
[Result "0-1"]
[WhiteElo "2472"]
[BlackElo "2566"]
[PlyCount "128"]
[EventDate "2000.??.??"]

1. e4 e5 2. Nf3 Nc6 3. Nc3 Nf6 4. d4 exd4 5. Nxd4 Bb4 6. Nxc6 Bxc3+ 7. bxc3
bxc6 8. Bd3 d5 9. exd5 Qe7+ 10. Be3 Nxd5 11. Qf3 O-O 12. O-O Nxe3 13. fxe3 Rb8
14. Rf2 Rb6 15. Raf1 c5 16. a3 a5 17. Qh5 Rh6 18. Qf3 Be6 19. Qe4 c4 20. Bxc4
Qd6 21. g3 Qxa3 22. Bb3 c6 23. Qe5 Bxb3 24. cxb3 g6 25. Qf6 Qxb3 26. Qxc6 Rh5
27. Qc7 Qe6 28. Qa7 Rb5 29. e4 Qb3 30. Qd7 Rb7 31. Qd4 a4 32. c4 a3 33. c5 Rb4
34. Qd7 Rxe4 35. Rf3 Re3 36. R3f2 Qc4 37. c6 Qc5 38. c7 Rc3 39. c8=Q Qxc8 40.
Qd6 Qc5 41. Qf6 Re3 42. g4 Re2 43. h3 a2 44. Kg2 Qd5+ 45. Kg1 Re3 46. Rg2 Rxh3
47. Qa1 Qc5+ 48. Rgf2 Rg3+ 49. Kh1 Qd5+ 50. Kh2 Rxg4 51. Rf3 f5 52. Qc3 Qd6+
53. Kh3 g5 54. Qb3+ Rf7 55. Qxf7+ Kxf7 56. Rxf5+ Kg6 57. Kxg4 Qe6 58. Rd1 Qxf5+
59. Kg3 Qf4+ 60. Kg2 Qg4+ 61. Kh2 Qxd1 62. Kg2 Qe2+ 63. Kh3 a1=Q 64. Kg3 Qa3#
0-1

[Event "ICS rated blitz match"]
[Site "204.178.125.65"]
[Date "2000.08.04"]
[Round "?"]
[White "Amateur"]
[Black "Hossa"]
[Result "1-0"]
[WhiteElo "2578"]
[BlackElo "2460"]
[PlyCount "125"]
[EventDate "2000.??.??"]

1. e4 e5 2. Nf3 Nc6 3. Bb5 a6 4. Ba4 Nf6 5. O-O Nxe4 6. d4 b5 7. Bb3 d5 8. dxe5
Be6 9. Nbd2 Be7 10. Nxe4 dxe4 11. Bxe6 fxe6 12. Nd2 O-O 13. Nxe4 Nxe5 14. Qe2
Bh4 15. a4 Qd4 16. Bg5 Bxg5 17. Nxg5 Rae8 18. axb5 axb5 19. Rae1 Ng6 20. Qxb5
Nf4 21. g3 h6 22. Ne4 Qd5 23. Qc5 Nh3+ 24. Kg2 Ng5 25. Qxd5 exd5 26. Nxg5 hxg5
27. Rxe8 Rxe8 28. g4 Re4 29. Kg3 c6 30. f3 Re2 31. Rf2 Re1 32. Rd2 Kf7 33. Kf2
Rb1 34. b3 Rh1 35. Ke3 Ke6 36. f4 gxf4+ 37. Kxf4 Rf1+ 38. Kg5 Rf6 39. Re2+ Kd7
40. b4 Rh6 41. h4 Rf6 42. h5 Rh6 43. Re5 Kd6 44. Re8 Rf6 45. Rg8 Rf7 46. Kg6
Rf4 47. g5 Rxb4 48. Kxg7 Rb7+ 49. Kf6 c5 50. g6 Rb2 51. g7 Kd7 52. Ra8 Rxc2 53.
g8=Q Rf2+ 54. Ke5 Re2+ 55. Kxd5 Rd2+ 56. Kxc5 Rc2+ 57. Kd4 Rd2+ 58. Kc3 Rc2+
59. Kxc2 Kd6 60. Ra6+ Ke5 61. Qg5+ Ke4 62. Ra3 Kd4 63. Ra4# {Hossa checkmated}
1-0

[Event "ICS rated standard match"]
[Site "204.178.125.65"]
[Date "2000.08.04"]
[Round "?"]
[White "PostModernist"]
[Black "Hossa"]
[Result "1/2-1/2"]
[WhiteElo "2408"]
[BlackElo "2329"]
[PlyCount "279"]
[EventDate "2000.??.??"]

1. e4 e5 2. Nf3 Nc6 3. Bb5 a6 4. Ba4 Nf6 5. O-O Be7 6. Re1 b5 7. Bb3 d6 8. c3
O-O 9. h3 Na5 10. Bc2 c5 11. d4 Qc7 12. Nbd2 cxd4 13. cxd4 Bd7 14. Nf1 Rac8 15.
Ne3 Nc6 16. d5 Nb4 17. Bb1 a5 18. a3 Na6 19. b4 Qb7 20. Bd2 axb4 21. axb4 Ra8
22. Qe2 Nh5 23. Nc2 Bf6 24. Ra5 Rfe8 25. Be3 Bd8 26. Ra3 f5 27. Nd2 Nf6 28. f3
Nh5 29. Nf1 Rf8 30. Bf2 Nf4 31. Qd2 Nc7 32. Rxa8 Qxa8 33. Nce3 fxe4 34. Bxe4
Qb7 35. Ng3 Bg5 36. Qc2 g6 37. Qd2 Be8 38. Rd1 Bf7 39. Ne2 Nh5 40. Qc2 Nf6 41.
Qc6 Qxc6 42. dxc6 d5 43. Bb1 d4 44. Nf1 Bc4 45. Neg3 Nfd5 46. Ne4 Bf4 47. Nd6
Nxb4 48. Be1 Be2 49. Bxb4 Bxd1 50. Ba5 Ne8 51. Ba2+ Kh8 52. Nxb5 Ba4 53. c7 Nf6
54. Bc4 Ra8 55. g3 Bc1 56. Bb6 Bb2 57. Nd6 Bd7 58. Nf7+ Kg7 59. Nxe5 Bxh3 60.
g4 Ne8 61. Ng3 Nd6 62. Bc5 Ne8 63. Kh2 Bxg4 64. fxg4 Nxc7 65. Bb6 Rc8 66. Ne2
Kf6 67. Nf3 Na8 68. Bxd4+ Bxd4 69. Ba6 Rc5 70. Nexd4 h5 71. g5+ Rxg5 72. Nxg5
Kxg5 73. Bd3 Nc7 74. Kg3 Kf6 75. Nb3 g5 76. Nc5 h4+ 77. Kg4 Ne6 78. Ne4+ Ke5
79. Bb1 Kd5 80. Nd2 Kd6 81. Ba2 Ke5 82. Nf3+ Kf6 83. Bb1 Ke7 84. Kf5 h3 85. Ba2
Nf4 86. Nh2 Nd3 87. Kxg5 Nb4 88. Bb1 Nc6 89. Bf5 Ne5 90. Bxh3 Kd6 91. Kf6 Nd3
92. Be6 Nc5 93. Bf7 Ne4+ 94. Kf5 Ke7 95. Bg8 Nc3 96. Ke5 Kd7 97. Kd4 Nb5+ 98.
Kc5 Nc7 99. Ng4 Ne6+ 100. Kd5 Nf8 101. Ne5+ Ke7 102. Kd4 Ne6+ 103. Ke4 Kd6 104.
Nc4+ Ke7 105. Ne3 Nc5+ 106. Kd4 Nd7 107. Bd5 Kf6 108. Be4 Ne5 109. Kd5 Ng6 110.
Kd6 Ne7 111. Bd3 Ng6 112. Nf5 Nf4 113. Bc2 Ne2 114. Ne7 Nf4 115. Be4 Kf7 116.
Nf5 Kf6 117. Nd4 Nh5 118. Bc2 Nf4 119. Bb1 Nh3 120. Ne6 Ng5 121. Nf8 Nf7+ 122.
Kd5 Ke7 123. Ng6+ Kf6 124. Bd3 Ng5 125. Nf4 Nf3 126. Ne6 Ne5 127. Be2 Nd7 128.
Ba6 Ke7 129. Nf4 Kf6 130. Bd3 Ne5 131. Bb1 Nf3 132. Ne6 Ne5 133. Nd4 Ng6 134.
Bc2 Ne5 135. Ke4 Nc4 136. Bd3 Ne5 137. Be2 Nd7 138. Bb5 Nc5+ 139. Kd5 Nb7 140.
Ne6 1/2-1/2

[Event "ICS rated blitz match"]
[Site "204.178.125.65"]
[Date "2000.08.04"]
[Round "?"]
[White "Amateur"]
[Black "Hossa"]
[Result "0-1"]
[WhiteElo "2580"]
[BlackElo "2449"]
[PlyCount "178"]
[EventDate "2000.??.??"]

1. e4 c5 2. Nf3 d6 3. d4 cxd4 4. Nxd4 Nf6 5. Nc3 a6 6. Be3 e5 7. Nb3 Be6 8. f3
Be7 9. Qd2 O-O 10. O-O-O b6 11. Nd5 Nxd5 12. exd5 Bf5 13. g4 Bc8 14. Bd3 a5 15.
Qf2 Bh4 16. Qg1 Nd7 17. g5 a4 18. Qg4 f5 19. Qxh4 axb3 20. axb3 Nc5 21. Bc4 f4
22. Bf2 b5 23. b4 bxc4 24. bxc5 dxc5 25. g6 hxg6 26. Qxd8 Rxd8 27. Kb1 Bb7 28.
Bxc5 Rxd5 29. Rxd5 Bxd5 30. Re1 Bxf3 31. Rxe5 Rd8 32. h4 Rd1+ 33. Ka2 Rh1 34.
Re8+ Kh7 35. Bd4 Rxh4 36. Re7 Rh2 37. c3 Kh6 38. Bxg7+ Kh5 39. Ka3 g5 40. Re8
Rd2 41. Bf6 Rd6 42. Bd4 Bd1 43. Kb4 Bb3 44. Re5 Rd8 45. Bc5 Rb8+ 46. Ka5 Kg4
47. Ka6 Bc2 48. Be7 Bf5 49. Re1 Bc8+ 50. Ka5 Kf5 51. Bb4 Be6 52. Rf1 Bd7 53.
Rd1 Bc6 54. Rd6 Ra8+ 55. Kb6 Bf3 56. Rd4 Be2 57. Rd5+ Kg4 58. Be7 Rg8 59. Ba3
f3 60. Bc5 Rb8+ 61. Ka6 Bd3 62. Be3 Bf5 63. Rd2 Rb3 64. Bb6 Be4 65. Ka7 Rxb6
66. Kxb6 Kg3 67. Kc5 f2 68. Rxf2 Kxf2 69. Kd4 Bd3 70. b4 cxb3 71. Kxd3 g4 72.
Kd2 g3 73. c4 g2 74. Kc3 Ke3 75. Kxb3 Kd4 76. Kb4 g1=Q 77. Kb5 Qg5+ 78. Kc6 Qd8
79. c5 Qf6+ 80. Kb5 Kd5 81. Ka4 Qa1+ 82. Kb3 Qd1+ 83. Kb2 Qd2+ 84. Ka3 Qd3+ 85.
Ka2 Qc2+ 86. Ka1 Qc1+ 87. Ka2 Kc4 88. c6 Kc3 89. c7 Qb2# {Amateur checkmated}
0-1

[Event "ICS rated blitz match"]
[Site "204.178.125.65"]
[Date "2000.08.04"]
[Round "?"]
[White "Hossa"]
[Black "Amateur"]
[Result "1-0"]
[WhiteElo "2471"]
[BlackElo "2558"]
[PlyCount "113"]
[EventDate "2000.??.??"]

1. e4 c5 2. Nf3 e6 3. d4 cxd4 4. Nxd4 Nc6 5. Nc3 d6 6. Be3 Nge7 7. Nxc6 Nxc6 8.
Qd2 Be7 9. O-O-O O-O 10. h4 a6 11. h5 h6 12. f4 b5 13. g4 b4 14. Ne2 Qa5 15.
Kb1 e5 16. f5 Rd8 17. Bg2 Qb5 18. Rhe1 Na5 19. b3 Bb7 20. g5 hxg5 21. Bxg5 f6
22. Be3 Bc8 23. Ng3 d5 24. exd5 Bb7 25. h6 Rac8 26. hxg7 Kxg7 27. Rh1 Rd7 28.
Ba7 Kf7 29. Qh6 Rg8 30. Bf1 Qxd5 31. Qh5+ Kf8 32. Rxd5 Bxd5 33. Be3 Bxh1 34.
Bh6+ Rg7 35. Nxh1 Bc5 36. Bxa6 Kg8 37. Bxg7 Rxg7 38. Qe8+ Kh7 39. Bf1 Bd4 40.
c4 bxc3 41. b4 Rg1 42. Qf7+ Kh8 43. Qxf6+ Kg8 44. Qe6+ Kh8 45. Qe8+ Kg7 46.
Qe7+ Kh8 47. Ng3 Nc4 48. Qf8+ Kh7 49. Qf7+ Kh8 50. Qxc4 Rxg3 51. f6 Rg8 52. Qf7
Rg1 53. Kc2 Rg5 54. Qf8+ Kh7 55. Bd3+ e4 56. Bxe4+ Rg6 57. Qg7# 1-0

[Event "ICS rated blitz match"]
[Site "204.178.125.65"]
[Date "2000.08.04"]
[Round "?"]
[White "Amateur"]
[Black "Hossa"]
[Result "1-0"]
[WhiteElo "2538"]
[BlackElo "2491"]
[PlyCount "193"]
[EventDate "2000.??.??"]

1. e4 c5 2. Nf3 d6 3. d4 cxd4 4. Nxd4 Nf6 5. Nc3 a6 6. Be2 e5 7. Nb3 Be7 8. O-O
O-O 9. Kh1 Be6 10. f4 Nc6 11. Be3 b6 12. f5 Bc8 13. Bf3 Bb7 14. Qe2 Qc7 15. Qf2
b5 16. Rad1 b4 17. Ne2 Nd7 18. Qg3 a5 19. Rg1 a4 20. Nd2 a3 21. b3 Ba6 22. Rc1
Rac8 23. c3 Nc5 24. Bh6 Bf6 25. cxb4 Nd7 26. Nc3 Nxb4 27. Nd5 Nxd5 28. Rxc7
Nxc7 29. Qg4 Bd3 30. Be3 Nb5 31. Be2 Bxe2 32. Qxe2 Nc3 33. Qa6 d5 34. exd5 Nxd5
35. Bf2 Be7 36. Ne4 N7f6 37. Nxf6+ Nxf6 38. Qe2 Bd6 39. Bh4 Rfd8 40. Bxf6 gxf6
41. b4 Kf8 42. Qa6 Ra8 43. Qc6 Rab8 44. b5 Be7 45. Qc4 Rd4 46. Qb3 Rd2 47. Rb1
Rc8 48. b6 Rdc2 49. h3 R8c3 50. Qb5 e4 51. Re1 Rc1 52. Qf1 Rxe1 53. Qxe1 Rd3
54. b7 Bd6 55. Qb1 Bb8 56. Qc1 Kg7 57. Kg1 Bg3 58. Kf1 h5 59. Ke2 Be5 60. Qc4
Rd8 61. Qxe4 Kg8 62. Qb4 Re8 63. Kf3 Rb8 64. Ke4 Bb2 65. Kd5 Kg7 66. Kc6 Kg8
67. Qd6 Be5 68. Qxa3 Kh7 69. h4 Rg8 70. Qb3 Kg7 71. a4 Rd8 72. a5 Bb8 73. Qa3
Ba7 74. Qg3+ Kf8 75. a6 Re8 76. Qf3 Re5 77. Qd3 Rc5+ 78. Kd7 Ra5 79. Kd8 Kg7
80. Ke8 Bb8 81. Qd7 Re5+ 82. Kd8 Ra5 83. Qc8 Bg3 84. Qc3 Rd5+ 85. Kc8 Be5 86.
Qe3 Bd4 87. Qg3+ Kh8 88. Qf3 Rc5+ 89. Kd8 Be5 90. a7 Rb5 91. Ke7 Kg7 92. a8=Q
Bb8 93. Qxb8 Re5+ 94. Qxe5 fxe5 95. b8=Q e4 96. Qf8+ Kh7 97. Qxh5# 1-0

[Event "ICS rated blitz match"]
[Site "204.178.125.65"]
[Date "2000.08.04"]
[Round "?"]
[White "Hossa"]
[Black "Amateur"]
[Result "1-0"]
[WhiteElo "2477"]
[BlackElo "2552"]
[PlyCount "177"]
[EventDate "2000.??.??"]

1. e4 e5 2. Nc3 Nf6 3. f4 d5 4. fxe5 Nxe4 5. Nf3 Be7 6. d4 Bg4 7. Be2 Nc6 8.
O-O Bb4 9. Nb1 O-O 10. c3 Be7 11. Nfd2 Be6 12. Nxe4 dxe4 13. Nd2 Nxd4 14. cxd4
Qxd4+ 15. Kh1 Qxe5 16. Nc4 Qb5 17. Qc2 Qc6 18. Be3 Bf6 19. a4 a6 20. Rac1 Rfd8
21. Nd2 Bd5 22. Bc4 Bxc4 23. Qxc4 Rd3 24. Qxd3 exd3 25. Rxc6 bxc6 26. Nc4 Rb8
27. Bc5 Rb3 28. Rf2 h6 29. g4 Bh4 30. Rd2 Bg5 31. Rg2 Rb8 32. Rg1 Rb3 33. Rd1
d2 34. Nxd2 Rd3 35. Bb4 Rd4 36. Bc3 Rxa4 37. h3 Be7 38. Re1 Bb4 39. Re8+ Kh7
40. Ne4 Bxc3 41. Nxc3 Rb4 42. Re2 Kg6 43. Rf2 a5 44. Kg1 a4 45. Kf1 Rb3 46.
Nxa4 Rxh3 47. Kg2 Re3 48. Nc5 f6 49. Kf1 Kg5 50. Rg2 Re7 51. Kf2 f5 52. gxf5+
Kxf5 53. Rh2 Kg4 54. b4 h5 55. Rg2+ Kf5 56. Nb3 Rd7 57. Ke3 Re7+ 58. Kd3 h4 59.
Nd4+ Kf4 60. Rf2+ Kg3 61. Rf8 Rd7 62. Ke4 h3 63. Nf5+ Kg4 64. Ne3+ Kg3 65. Rf3+
Kh2 66. Rf5 Re7+ 67. Kf3 Rd7 68. Rh5 Rd3 69. Rc5 Rb3 70. Rc2+ Kg1 71. Re2 Rb1
72. Kg3 Ra1 73. Kxh3 Ra3 74. Kg3 Ra1 75. Nc2 Rc1 76. Nd4 Rc3+ 77. Nf3+ Rxf3+
78. Kxf3 c5 79. Rg2+ Kf1 80. Rxg7 cxb4 81. Rxc7 Ke1 82. Rd7 b3 83. Ke3 Kf1 84.
Rb7 Kg1 85. Rxb3 Kg2 86. Ke2 Kg1 87. Kf3 Kh2 88. Kf2 Kh1 89. Rh3# 1-0

[Event "ICS rated standard match"]
[Site "204.178.125.65"]
[Date "2000.08.04"]
[Round "?"]
[White "Hossa"]
[Black "greekgift"]
[Result "1-0"]
[WhiteElo "2333"]
[BlackElo "1920"]
[PlyCount "107"]
[EventDate "2000.??.??"]

1. e4 c5 2. Nf3 d6 3. d4 cxd4 4. Nxd4 Nf6 5. Nc3 g6 6. Be3 Bg7 7. f3 O-O 8. Bc4
Nc6 9. Bb3 Bd7 10. Nxc6 bxc6 11. Qd2 Qa5 12. O-O Be6 13. Nd5 Qd8 14. Nxf6+ Bxf6
15. c3 a5 16. Bxe6 fxe6 17. Bh6 Re8 18. Rf2 a4 19. f4 Qa5 20. e5 dxe5 21. Re1
Qd5 22. fxe5 Bg7 23. Bxg7 Kxg7 24. Qg5 Qc5 25. Qe3 Qxe3 26. Rxe3 Rf8 27. Re4
Rxf2 28. Kxf2 Rb8 29. Rxa4 Rxb2+ 30. Kf3 Rc2 31. Rc4 Rxa2 32. Rxc6 Rc2 33. h4
h5 34. c4 Kf7 35. Rc8 g5 36. hxg5 Kg6 37. g4 Rc3+ 38. Kf4 h4 39. Rc6 Kf7 40.
g6+ Kxg6 41. Rxe6+ Kf7 42. Rh6 h3 43. Kf5 Kg7 44. g5 Rxc4 45. Rxh3 Kf7 46. g6+
Kf8 47. Rh8+ Kg7 48. Rh7+ Kf8 49. Rf7+ Ke8 50. e6 Rc5+ 51. Kf4 Rc4+ 52. Ke5 Rg4
53. g7 Rg1 54. Rf8# 1-0